Countries involved in the military intervention against the Houthis in Yemen - Statistics

General Stats
  • This quiz has been taken 260 times
    234 since last reset
  • The average score is 7 of 11
Answer Stats
Answer % Correct
Saudi Arabia
99%
United Arab Emirates
91%
Qatar
86%
Bahrain
82%
Egypt
81%
Kuwait
81%
Jordan
72%
Sudan
69%
Morocco
49%
Senegal
19%
Bangladesh
7%
No matching quizzes found
Score Distribution
Percent of People with Each Score
Percentile by Number Answered
Your Score History
You have not taken this quiz since the last reset